| 000 | 00432nam a2200181Ia 4500 | ||
|---|---|---|---|
| 001 | 10880 | ||
| 005 | 20260306161904.0 | ||
| 008 | 260306t2010||||xx |||||||||||||| ||spa|| | ||
| 041 | _aESP | ||
| 082 |
_a980 _bL595 |
||
| 100 |
_aLynch, John _eAUT |
||
| 245 | 0 | _aLas revoluciones hispanoamericanas 1808-1826 | |
| 260 | _c2010 | ||
| 300 |
_a437 páginas : _c24 cm. |
||
| 650 | _aGEN | ||
| 654 | _aCHU | ||
| 942 |
_cLIB _dJUS _fJUS _2ddc _n |
||
| 999 |
_c10880 _d10880 |
||